Statistiques concernant Les plus grands succès du cinéma aux Etats-Unis depuis 2000

Cliquez ici pour prendre le quiz!

Statistiques générales

  • Ce quiz a été pris 1 194 fois
  • Le résultat moyen est 6 sur 17

Statistiques - réponses

AnnéeRecettes (en millions de $)Réponse% Correct
2009761Avatar
85%
2012623Avengers
79%
2005380Star Wars,épisode III : La Revanche des Sith
56%
2015937Star Wars,épisode VII : Le Réveil de la Force
56%
2001318Harry Potter à l'école des sorciers
50%
2011381Harry Potter et les Reliques de la Mort - Deuxième Partie
50%
2008533The Dark Knight : Le Chevalier noir
48%
2002404Spider-Man
47%
2007337Spider-Man 3
47%
2003377Le Seigneur des Anneaux : Le Retour du Roi
38%
2006423Pirates des Caraïbes : Le Secret du Coffre Maudit
24%
2013414Hunger Games : L'Embrasement
17%
2010415Toy Story 3
17%
2004441Shrek 2
3%
2014350American Sniper
2%
2000260Le Grinch
1%
2016474Le Monde de Dory
1%

Distribution des résultats

Percentile par nombre de réponses

% des personnes avec chaque résultat

Votre développement - résultats

Vous n’avez pas pris ce quiz